Statistics for 番号を名前に含む北海道の道の駅

Click here to take the quiz!

General Stats

  • This quiz has been taken 7 times
  • The average score is 6 of 8

Answer Stats

自治体道の駅名% Correct
乙部町ルート229元和台
100%
根室市スワン44ねむろ
100%
士幌町ピア21しほろ
80%
留寿都村230ルスツ
80%
陸別町オーロラタウン93りくべつ
60%
安平町あびらD51ステーション
60%
足寄町あしょろ銀河ホール21
40%
伊達市フォーレスト276大滝
40%

Score Distribution

Percentile by Number Answered

Percent of People with Each Score

Your Score History

You have not taken this quiz